La presumida y la hermosa / (Record no. 153663)

MARC details
000 -LEADER
campo de control de longitud fija 00988nam a2200241 i 4500
001 - NÚMERO DE CONTROL
campo de control 153663
003 - IDENTIFICADOR DE NÚMERO DE CONTROL
campo de control ES-MaACL
005 - FECHA Y HORA DE LA ÚLTIMA TRANSACCIÓN
campo de control 20230906205329.0
008 - DATOS DE LONGITUD FIJA--INFORMACIÓN GENERAL
campo de control de longitud fija 990720s1762 sp |||| | spa d
100 1# - ENTRADA PRINCIPAL--NOMBRE DE PERSONA
Nombre de persona Enríquez Gómez, Antonio,
Fechas asociadas al nombre 1600-1663
9 (RLIN) 47290
245 13 - MENCIÓN DEL TÍTULO
Título La presumida y la hermosa /
Mención de responsabilidad, etc. de don Fernando de Zarate.
246 3# - FORMA VARIANTE DEL TITULO
Texto de visualización Precede al tít. :
Título propio/Titulo breve Comedia famosa
260 ## - PUBLICACIÓN, DISTRIBUCIÓN, ETC.
Lugar de publicación, distribución, etc. En Valencia :
Nombre del editor, distribuidor, etc. en la Imprenta de la Viuda de Joseph de Orga,
Fecha de publicación, distribución, etc. 1762.
300 ## - DESCRIPCIÓN FÍSICA
Extensión 32 p. ;
Dimensiones 4º.
530 ## - NOTA DISPONIBLE DE FORMULARIO FÍSICO ADICIONAL
Nota de formato físico adicional disponible Disponible en formato digital.
594 ## - Nota al título y mención de responsabilidad
Nota al título y mención de responsabilidad Precede al tít.: N. 20.
596 ## - NOTA AL PIE DE IMPRENTA
NOTA AL PIE DE IMPRENTA Los datos de impresión constan en el colofón.
597 ## - NOTA DE DESCRIPCIÓN FÍSICA
NOTA DE DESCRIPCIÓN FÍSICA Sign.: A-D4.
597 ## - NOTA DE DESCRIPCIÓN FÍSICA
NOTA DE DESCRIPCIÓN FÍSICA Texto a dos col.
852 ## - LOCALIZACIÓN
Ubicación ES-MaACL
Número de control de estantería R-3021-36
Encuadernación Olim:T-1409
Nota libre - Enc. pasta española con hierros grab.
856 ## - LOCALIZACIÓN Y ACCESO ELECTRÓNICOS
Identificador Uniforme de Recursos <a href="http://bibliotecavirtualmadrid.org/bvmadrid_publicacion/i18n/consulta/registro.do?id=16061">http://bibliotecavirtualmadrid.org/bvmadrid_publicacion/i18n/consulta/registro.do?id=16061</a>
Nota pública Biblioteca Digital de la Comunidad de Madrid
Holdings
Estatus retirado Estado de pérdida Estado de daño No para préstamo Colección Biblioteca de origen Biblioteca actual Ubicación en estantería Fecha de adquisición Total de préstamos Signatura topográfica completa Código de barras Visto por última vez Precio de reemplazo Tipo de ítem Koha
        Colección digital Biblioteca del Ateneo de Madrid Biblioteca del Ateneo de Madrid Depósito 17/01/2008   R-3021-36 1160644 23/02/2023 23/02/2023 Libro impreso antiguo